Aplicate el cuento : (Record no. 141294)
[ view plain ]
| 000 -CABECERA | |
|---|---|
| campo de control de longitud fija | 00564nam a2200169 a 4500 |
| 005 - FECHA Y HORA DE LA ÚLTIMA TRANSACCIÓN | |
| campo de control | 20210219160616.0 |
| 008 - ELEMENTOS DE LONGITUD FIJA--INFORMACIÓN GENERAL | |
| campo de control de longitud fija | 090211s2004 mx r 000 0 spa d |
| 020 ## - NÚMERO INTERNACIONAL NORMALIZADO PARA LIBROS | |
| Número Internacional Estándar del Libro | 8497351606 |
| 035 ## - NÚMERO DE CONTROL DEL SISTEMA | |
| Número de control de sistema | UPN01000169188 |
| 049 ## - COLECCIÓN | |
| Colección | AP |
| 099 ## - CLASIFICACIÓN LOCAL | |
| Clasificación local | 350 |
| 100 1# - ASIENTO PRINCIPAL--NOMBRE PERSONAL | |
| Nombre de persona | Soler, Jaume |
| 245 10 - MENCIÓN DE TÍTULO | |
| Título | Aplicate el cuento : |
| Resto del título | relatos, cuentos y anécdotas de ecología emocional para una vida inteligente y equilibrada / |
| Mención de responsabilidad, etc. | Jaume Soler y M. Mercé Conangla ; pról. del Prof. Dr. Carlos Ballús. |
| 260 ## - PUBLICACIÓN, DISTRIBUCIÓN, ETC. | |
| Lugar de publicación, distribución, etc. | Barcelona, Esp. : |
| Nombre del editor, distribuidor, etc. | Amat, |
| Fecha de publicación, distribución, etc. | 2004. |
| 300 ## - DESCRIPCIÓN FÍSICA | |
| Extensión | 212 p. |
| 905 ## - TIPO DE MATERIAL | |
| Tipo de material | Libro |
| Estado de retiro | Estado de pérdida | Fuente del sistema de clasificación o colocación | Estado dañado | No para préstamo | Código de colección | Localización permanente | Ubicación/localización actual | Ubicación en estantería | Total de préstamos | Renovaciones totales | Clasificación | Código de barras | En préstamo | Fecha visto por última vez | Fecha del último préstamo | Número de copia | Tipo de ítem Koha |
|---|---|---|---|---|---|---|---|---|---|---|---|---|---|---|---|---|---|
| Library of Congress Classification | Colección AP | Bib. Gregorio Torres Quintero | Bib. Gregorio Torres Quintero | AP | 1 | 1 | 350 | AP350 | 24/07/2021 | 17/06/2021 | 17/06/2021 | 1 | Libro |
